000 00429nam a22001697a 4500
003 OSt
005 20211115092756.0
008 211115b |||||||| |||| 00| 0 eng d
020 _a81-7023-057-8
040 _cHawassa University
050 _a635/RAN
082 _a635/RAN
_b1
100 _aRandhawa G.S.
_918259
245 _aFloriculture in India
260 _aNew Delhi
_bAllied Publishers
_c1986
942 _2ddc
_cBOOKS
_n0
999 _c18121
_d18121